Missing Word: Octopus Quiz Stats

 Plays Quiz Updated Oct 15, 2012

Support Sporcle.
Go Orange.
Score 0/40 Timer 03:00
2 Plays Today
Missing Word % Correct
Taco
97.6%
SquarePants
95.8%
Romeo
95.6%
Dora
94.2%
Hat
93.8%
Froot
91.8%
Rock
91.5%
Rice
91%
Eggs
91%
Happy
89.8%
50
87.4%
Nut
87%
Rhapsody
86.7%
Lobster
84.8%
Julius
84.5%
Buenos
83.3%
Midsummer
83.1%
Champions
82.3%
Nothing
82%
Silver's
80.7%
Missing Word % Correct
Fairly
79.8%
Baskin
79.4%
Singer
78.1%
Lear
70.7%
Mini
70.1%
Prince
69%
Crisp
68.6%
Madison
66.4%
Josh
63.4%
Daddy
58.6%
Hop
55.7%
Socks
51%
Pollo
46.6%
Domingo
46.6%
Lumpur
45.5%
Somebody
44.1%
Game
34.1%
Amanda
25.4%
Zoo
25.3%
Vella
17.8%

Today's Daily Dose

Quick Pick
Nissan Models

Get the Picture
Amazing Trees

You're not logged in!

Compare scores with friends on all Sporcle quizzes.
OR
Log In
Forgot?

From the Vault

Hide Your 'V' Movies

by El_Dandy

Movies 6m
Just remember where you hid them or you won't be able to watch them later.
Remove Ads.
Support Sporcle.
Get the best of Sporcle when you Go Orange. This ad-free experience offers more features, more stats, and more fun while also helping to support Sporcle. Thank you for becoming a member.

Show Comments

Extras

Top Quizzes Today


Score Distribution

Your Account Isn't Verified!

In order to create a playlist on Sporcle, you need to verify the email address you used during registration. Go to your Sporcle Settings to finish the process.

Report this User

Report this user for behavior that violates our Community Guidelines.

Details: